[Event "Pan American-ch School U15 Girls 12th"]
[Site "Callao"]
[Date "2023.10.21"]
[Round "9"]
[White "Zhunio Guaman, Sofia Morelia"]
[Black "Valencia Lopez, Greissy Sofia"]
[Result "1/2-1/2"]
[WhiteElo "1247"]
[BlackElo "1537"]
[PlyCount "65"]
[EventDate "2023.10.16"]
[EventType "swiss"]
[EventRounds "9"]
[EventCountry "PER"]
[SourceTitle "Mega2024 Update 01"]
[Source "Chessbase"]
[SourceDate "2023.11.12"]
[SourceVersion "1"]
[SourceVersionDate "2023.11.12"]
[SourceQuality "1"]

1. d4 d5 2. c4 e6 3. Nc3 Nf6 4. Bg5 Be7 5. e3 c5 6. cxd5 exd5 7. dxc5 Nc6 8. Rb1 Be6 9. b4 d4 10. exd4 Qxd4 11. Qxd4 Nxd4 12. Bb5+ Nxb5 13. Nxb5 0-0 14. Nc7 Bxa2 15. Rb2 Rac8 16. Rxa2 Rxc7 17. Rxa7 Nd5 18. Bd2 h6 19. Nf3 Bf6 20. 0-0 Rd8 21. g3 Nc3 22. Kg2 Ne4 23. Bf4 Rcd7 24. Be5 Be7 25. Re1 f5 26. Nd4 Nxc5 27. bxc5 Bxc5 28. Ra5 Bb4 29. Rea1 Bxa5 30. Rxa5 Rxd4 31. Bxd4 Rxd4 32. Rb5 Rc4 33. Rxb7 1/2-1/2

[Event "Pan American-ch School U15 Girls 12th"]
[Site "Callao"]
[Date "2023.10.18"]
[Round "5"]
[White "Valencia Lopez, Greissy Sofia"]
[Black "Gaspar Guevara, Darling Yasmin"]
[Result "1/2-1/2"]
[WhiteElo "1537"]
[BlackElo "1443"]
[PlyCount "113"]
[EventDate "2023.10.16"]
[EventType "swiss"]
[EventRounds "9"]
[EventCountry "PER"]
[SourceTitle "Mega2024 Update 01"]
[Source "Chessbase"]
[SourceDate "2023.11.12"]
[SourceVersion "1"]
[SourceVersionDate "2023.11.12"]
[SourceQuality "1"]

1. e4 c5 2. Nf3 Nc6 3. d4 cxd4 4. Nxd4 e5 5. Nb5 d6 6. N1c3 a6 7. Na3 b5 8. Nd5 Nf6 9. Bg5 Be7 10. Bxf6 Bxf6 11. c3 0-0 12. Nc2 Bg5 13. Nce3 Bxe3 14. Nxe3 Ne7 15. Bd3 Be6 16. Bc2 Qc7 17. Bb3 a5 18. Nd5 Nxd5 19. Bxd5 Rab8 20. 0-0 Kh8 21. Qh5 Bxd5 22. exd5 f5 23. Kh1 Qf7 24. Qxf7 Rxf7 25. b3 Rc7 26. a4 Rxc3 27. b4 bxa4 28. bxa5 a3 29. a6 Ra8 30. Rfb1 h6 31. Rb6 a2 32. g3 Ra3 33. Rxd6 R3xa6 34. Rc6 Rxc6 35. dxc6 Rc8 36. Rxa2 Rxc6 37. Ra8+ Kh7 38. Kg2 e4 39. Rf8 Kg6 40. h4 h5 41. Rh8 Rc2 42. Re8 Kf7 43. Re5 g6 44. Kf1 Kf6 45. Re8 Rc5 46. Rf8+ Ke7 47. Rg8 Kf7 48. Rb8 f4 49. Rb4 Rf5 50. Rxe4 fxg3 51. f4 Ra5 52. Kg2 Kf6 53. Re3 Kf5 54. Kxg3 Rb5 55. Kf3 Rb1 56. Re5+ Kf6 57. Ra5 1/2-1/2

[Event "Rivera Huila Hernandez Memorial-B"]
[Site "Rivera Huila"]
[Date "2023.07.23"]
[Round "6"]
[White "Valencia Lopez, Greissy Sofia"]
[Black "Valencia Escobar, Dario"]
[Result "1/2-1/2"]
[WhiteElo "1452"]
[BlackElo "1845"]
[PlyCount "75"]
[EventDate "2023.07.20"]
[EventType "swiss"]
[EventRounds "7"]
[EventCountry "COL"]
[SourceTitle "CBM 215 Extra"]
[Source "ChessBase"]
[SourceDate "2023.09.30"]
[SourceVersion "1"]
[SourceVersionDate "2023.09.30"]
[SourceQuality "1"]

1. e4 c5 2. Nf3 g6 3. d4 cxd4 4. Nxd4 Nc6 5. Nc3 Bg7 6. Be3 Nf6 7. Bc4 0-0 8. Bb3 Qa5 9. f3 d6 10. Qd2 Nxd4 11. Bxd4 Qb4 12. Be3 Bd7 13. a3 Qa5 14. Bh6 Bxh6 15. Qxh6 Rac8 16. 0-0-0 Rxc3 17. bxc3 Qxc3 18. Kb1 a5 19. Rd3 Qc5 20. g4 a4 21. Bd5 e6 22. Qf4 Rc8 23. Rc1 exd5 24. Qxf6 dxe4 25. fxe4 Be6 26. Qd4 Bxg4 27. Qxc5 Rxc5 28. Rxd6 Be6 29. Rb6 Rc7 30. Rd1 Bd7 31. Rbd6 Bc6 32. Re1 Re7 33. e5 f5 34. h4 Be4 35. Rg1 Rxe5 36. h5 Rc5 37. hxg6 Rxc2 38. Ka1 1/2-1/2

[Event "COL-chT Blitz (Women)"]
[Site "Santa Marta"]
[Date "2022.11.07"]
[Round "5.4"]
[White "Valencia Lopez, Greissy Sofia"]
[Black "Martinez Salgado, Gabriela"]
[Result "1-0"]
[WhiteElo "1560"]
[BlackElo "1256"]
[PlyCount "110"]
[EventDate "2022.11.07"]
[EventType "team-swiss"]
[EventRounds "9"]
[EventCountry "COL"]
[SourceTitle "CBM 211 Extra"]
[Source "ChessBase"]
[SourceDate "2023.01.31"]
[SourceVersion "1"]
[SourceVersionDate "2023.01.31"]
[SourceQuality "1"]
[WhiteTeam "Caqueta (W)"]
[BlackTeam "Caldas (W)"]
[WhiteTeamCountry "COL"]
[BlackTeamCountry "COL"]

1. e4 c5 2. Nf3 d6 3. d4 cxd4 4. Nxd4 Nf6 5. Nc3 g6 6. f3 Bg7 7. Be3 a6 8. Qd2 b5 9. a3 Nbd7 10. 0-0-0 Bb7 11. g4 Rc8 12. Kb1 Qc7 13. Nb3 Ne5 14. g5 Nxf3 15. Qf2 Nxe4 16. Nxe4 Bxe4 17. Bd3 Bxd3 18. Rxd3 Ne5 19. Rc3 Nc4 20. Bd4 Bxd4 21. Qxd4 0-0 22. Rh3 Qc6 23. Rc1 f6 24. Qh4 Rf7 25. Nd4 Qd5 26. gxf6 exf6 27. Rd3 Qg5 28. Qh3 Re8 29. Rg3 Qh5 30. Qg2 Qe5 31. Nf3 Qf5 32. Nh4 Qe4 33. Qxe4 Rxe4 34. Nf3 Re3 35. Rf1 Kg7 36. b3 Ne5 37. Nxe5 Rxe5 38. Rd1 Rd7 39. h4 f5 40. h5 Kf6 41. hxg6 hxg6 42. Rdg1 Rg7 43. Rf1 Ke6 44. Rd3 d5 45. Kc1 Kd6 46. c4 bxc4 47. bxc4 Kc5 48. cxd5 Rxd5 49. Rc3+ Kd6 50. Rb3 Rc5+ 51. Kd2 Re5 52. Rb6+ Kd5 53. Rxa6 Re4 54. Ra5+ Ke6 55. Ra6+ Kf7 1-0

[Event "COL-chT (Women)"]
[Site "Santa Marta"]
[Date "2022.11.04"]
[Round "4.4"]
[White "De La Hoz Contreras, Tala Daniela"]
[Black "Valencia Lopez, Greissy Sofia"]
[Result "0-1"]
[WhiteElo "1155"]
[BlackElo "1497"]
[PlyCount "50"]
[EventDate "2022.11.02"]
[EventType "team-swiss"]
[EventRounds "7"]
[EventCountry "COL"]
[SourceTitle "CBM 211 Extra"]
[Source "ChessBase"]
[SourceDate "2023.01.31"]
[SourceVersion "1"]
[SourceVersionDate "2023.01.31"]
[SourceQuality "1"]
[WhiteTeam "San Andres Isla (W)"]
[BlackTeam "Caqueta (W)"]
[WhiteTeamCountry "COL"]
[BlackTeamCountry "COL"]

1. e4 c5 2. Bc4 e6 3. Nf3 h6 4. d3 a6 5. Nc3 b5 6. Bb3 d6 7. 0-0 Nf6 8. e5 dxe5 9. Nxe5 Qc7 10. Bf4 Bd6 11. Re1 Bxe5 12. Bxe5 Qc6 13. Qf3 Qxf3 14. gxf3 Bb7 15. Re3 Nc6 16. Bd6 Nd4 17. Rc1 Nxf3+ 18. Kf1 Ng4 19. Nd1 Nxe3+ 20. Nxe3 Rc8 21. a3 Rc6 22. Bb8 0-0 23. Bg3 f5 24. Ng2 g5 25. Nf4 gxf4 0-1

[Event "COL Subzt 2.3.4 (Women)"]
[Site "Risarald"]
[Date "2021.11.24"]
[Round "3"]
[White "Valencia Lopez, Greissy Sofia"]
[Black "Garcia Rojas, Ana Maria"]
[Result "1-0"]
[WhiteElo "1388"]
[BlackElo "1430"]
[PlyCount "51"]
[EventDate "2021.11.23"]
[EventType "swiss"]
[EventRounds "9"]
[EventCountry "COL"]
[SourceTitle "CBM 205 Extra"]
[Source "ChessBase"]
[SourceDate "2022.01.31"]
[SourceVersion "1"]
[SourceVersionDate "2022.01.31"]
[SourceQuality "1"]

1. e4 c5 2. Nf3 Nc6 3. d4 g6 4. d5 Na5 5. c4 Nf6 6. e5 Ne4 7. Bd3 Nxf2 8. Kxf2 Bg7 9. Re1 0-0 10. Kg1 e6 11. Bg5 f6 12. exf6 Bxf6 13. Bh6 Bd4+ 14. Kh1 Bxb2 15. Bxf8 Bxa1 16. Bh6 Qf6 17. Ng5 Bc3 18. Rf1 Qe7 19. Rf8+ Qxf8 20. Bxf8 Kxf8 21. Qf3+ Kg7 22. Nxc3 Kh6 23. Nce4 exd5 24. Qh3+ Kg7 25. Qxh7+ Kf8 26. Qf7# 1-0

[Event "Wch FIDE Online U12 Girls America qual"]
[Site "Tornelo INT"]
[Date "2020.12.03"]
[Round "5"]
[White "Valencia Lopez, Greissy Sofia"]
[Black "Li, Julia"]
[Result "1-0"]
[WhiteElo "1225"]
[BlackElo "1522"]
[PlyCount "77"]
[EventDate "2020.12.01"]
[EventType "swiss (rapid)"]
[EventRounds "7"]
[EventCountry "ISS"]
[SourceTitle "EXT 2022"]
[Source "ChessBase"]
[SourceDate "2021.10.06"]
[SourceVersion "1"]
[SourceVersionDate "2021.10.06"]
[SourceQuality "1"]

1. e4 e5 2. Nf3 Nc6 3. Bc4 Bc5 4. d3 Nf6 5. c3 a6 6. 0-0 d6 7. h3 h6 8. Be3 Bxe3 9. fxe3 Na5 10. Bb3 Nxb3 11. axb3 0-0 12. Nbd2 c6 13. Qe2 Re8 14. Nh4 d5 15. exd5 cxd5 16. Nf5 Kh7 17. Ng3 Qb6 18. b4 Qc6 19. Nh5 Qe6 20. Nxf6+ gxf6 21. Qh5 Rg8 22. Kh1 b6 23. Rf2 Bb7 24. Raf1 Rg5 25. Qh4 f5 26. Nf3 Rg6 27. Qh5 Rag8 28. Nh4 Rg5 29. Qe2 f4 30. exf4 R5g7 31. Qxe5 Qc6 32. d4 Re8 33. Qf5+ Kh8 34. Qd3 Qf6 35. Nf3 Qxf4 36. Ne5 Qg5 37. Nxf7+ Rxf7 38. Rxf7 Re7 39. Qh7# 1-0

[Event "Wch FIDE Online U12 Girls America qual"]
[Site "Tornelo INT"]
[Date "2020.12.02"]
[Round "3"]
[White "Valencia Lopez, Greissy Sofia"]
[Black "Salvato Leon, Ana Maria"]
[Result "1-0"]
[WhiteElo "1225"]
[BlackElo "1497"]
[PlyCount "145"]
[EventDate "2020.12.01"]
[EventType "swiss (rapid)"]
[EventRounds "7"]
[EventCountry "ISS"]
[SourceTitle "EXT 2022"]
[Source "ChessBase"]
[SourceDate "2021.10.06"]
[SourceVersion "1"]
[SourceVersionDate "2021.10.06"]
[SourceQuality "1"]

1. e4 e5 2. Nf3 Nc6 3. Bc4 Nf6 4. d3 Be7 5. Nc3 0-0 6. 0-0 d6 7. h3 h6 8. Be3 Na5 9. Bb3 Nxb3 10. axb3 Be6 11. Qd2 Re8 12. Ne2 Qd7 13. Kh2 Nh7 14. Ng3 Qd8 15. c4 Ng5 16. Bxg5 Bxg5 17. Nxg5 Qxg5 18. Qe2 Qf4 19. Rae1 Kh7 20. Qe3 Qxe3 21. Rxe3 g6 22. f4 exf4 23. Rxf4 a5 24. d4 Rf8 25. d5 Bd7 26. Ref3 Kg7 27. Rf2 a4 28. bxa4 Rxa4 29. b3 Rb4 30. R2f3 f6 31. Re3 Be8 32. h4 c6 33. Ne2 c5 34. g4 Rf7 35. Ref3 g5 36. hxg5 hxg5 37. Rf5 Bd7 38. Ng3 Bxf5 39. Nxf5+ Kg6 40. Nxd6 Rd7 41. Nf5 b5 42. Rc3 bxc4 43. bxc4 Rb2+ 44. Kg3 Rd8 45. Kf3 Rb1 46. Ng3 Rd7 47. Rc2 Rb3+ 48. Kf2 Rb4 49. Nf5 Rb3 50. Ke2 Rbb7 51. Kd3 Rb3+ 52. Kd2 Rh3 53. Ne3 Rh2+ 54. Kd3 Rxc2 55. Kxc2 Kf7 56. Nf5 Rd8 57. Kb3 Rb8+ 58. Kc3 Rd8 59. Nh6+ Kg6 60. Nf5 Kf7 61. Kd3 Kg6 62. Ne7+ Kf7 63. Nc6 Rd6 64. Na5 Ke7 65. Nb7 Rd7 66. Nxc5 Rd6 67. Kd4 Rd8 68. Ne6 Rd6 69. Ng7 Kf7 70. Nf5 Rc6 71. dxc6 Ke6 72. Kc5 Ke5 73. c7 1-0

[Event "COL-chT rapid Online"]
[Site "Chess.com INT"]
[Date "2020.09.19"]
[Round "2.8"]
[White "Valencia Lopez, Greissy Sofia"]
[Black "Brito Carrascal, Isabela"]
[Result "0-1"]
[WhiteElo "1225"]
[BlackElo "1565"]
[PlyCount "96"]
[EventDate "2020.09.19"]
[EventType "team-tourn (rapid)"]
[EventRounds "5"]
[EventCountry "COL"]
[SourceTitle "CBM 198 Extra"]
[Source "ChessBase"]
[SourceDate "2020.11.30"]
[SourceVersion "1"]
[SourceVersionDate "2020.11.30"]
[SourceQuality "1"]
[WhiteTeam "Caqueta"]
[BlackTeam "Bolivar"]
[WhiteTeamCountry "COL"]
[BlackTeamCountry "COL"]

1. e4 c5 2. Nf3 e6 3. d4 cxd4 4. Nxd4 a6 5. Nc3 Qc7 6. a3 Nf6 7. Be3 Be7 8. Qd2 0-0 9. 0-0-0 b5 10. Be2 b4 11. axb4 Bxb4 12. f3 d5 13. Bg5 Nbd7 14. Bxf6 Nxf6 15. Bd3 Bxc3 16. bxc3 Rb8 17. Qe1 dxe4 18. fxe4 Bb7 19. Rg1 Nd7 20. g3 Rfc8 21. Ne2 Ne5 22. h4 Nf3 23. Qf2 Nxg1 24. Rxg1 a5 25. g4 a4 26. h5 Qc5 27. Qh4 a3 28. h6 Qe3+ 29. Kd1 Qxh6 30. Qxh6 gxh6 31. Nd4 a2 32. Kd2 Ra8 33. Nb3 Ba6 34. Ra1 Bc4 35. e5 Ra3 36. Bxc4 Rxc4 37. Kd3 Rxg4 38. c4 Kh8 39. Kc3 Rg8 40. Kb4 Raa8 41. c5 Rgc8 42. Na5 Rxa5 43. Kxa5 Rxc5+ 44. Kb6 Rxc2 45. Kb7 h5 46. Ka6 h4 47. Rh1 h3 48. Ka5 Rb2 0-1

[Event "COL Intercollegiate-ch U14 Girls"]
[Site "Paipa"]
[Date "2019.12.13"]
[Round "7"]
[White "Brito Carrascal, Isabela"]
[Black "Valencia Lopez, Greissy Sofia"]
[Result "1-0"]
[WhiteElo "1564"]
[BlackElo "1295"]
[PlyCount "83"]
[EventDate "2019.12.11"]
[EventType "swiss"]
[EventRounds "7"]
[EventCountry "COL"]
[SourceTitle "CBM 193 Extra"]
[Source "ChessBase"]
[SourceDate "2020.01.31"]
[SourceVersion "1"]
[SourceVersionDate "2020.01.31"]
[SourceQuality "1"]

1. e4 c5 2. Nf3 d6 3. d4 cxd4 4. Nxd4 Nf6 5. f3 a6 6. c4 e5 7. Nc2 Be7 8. Nc3 Qc7 9. Bg5 0-0 10. Be2 b6 11. 0-0 Bb7 12. Kh1 Nxe4 13. Nd5 Bxd5 14. Qxd5 Bxg5 15. Qxa8 Nd2 16. Rfd1 Nc6 17. Qxa6 e4 18. Qa3 exf3 19. Bxf3 Ne5 20. Qc3 Ndxf3 21. gxf3 Bf6 22. Nd4 Qxc4 23. Qxc4 Nxc4 24. Rab1 h6 25. b3 Ne3 26. Rd3 Bxd4 27. Rxd4 Nf5 28. Rd5 g6 29. a4 Kg7 30. a5 bxa5 31. Rxa5 Rb8 32. b4 Rb6 33. Kg2 Ne3+ 34. Kf2 Nc4 35. Ra2 Rb5 36. Ke2 Kf6 37. Ra7 Ke6 38. Rc7 d5 39. Rc5 Rxc5 40. bxc5 d4 41. Rc1 Kd5 42. Rxc4 1-0

[Event "COL-ch U12 Girls"]
[Site "Cali"]
[Date "2019.06.23"]
[Round "7.2"]
[White "Riano Espinoza, Laura Sofia"]
[Black "Valencia Lopez, Greissy Sofia"]
[Result "0-1"]
[WhiteElo "1480"]
[BlackElo "1257"]
[PlyCount "52"]
[EventDate "2019.06.19"]
[EventType "tourn"]
[EventRounds "9"]
[EventCountry "COL"]
[SourceTitle "CBM 191 Extra"]
[Source "ChessBase"]
[SourceDate "2019.09.30"]
[SourceVersion "1"]
[SourceVersionDate "2019.09.30"]
[SourceQuality "1"]

1. e4 c5 2. Nf3 d6 3. Nc3 Nf6 4. Bc4 e6 5. d3 Be7 6. Bg5 Nbd7 7. h3 a6 8. 0-0 Qc7 9. Bb3 b5 10. Ne2 Bb7 11. a3 0-0 12. Ng3 h6 13. Bd2 d5 14. Qe2 dxe4 15. dxe4 c4 16. Ba2 Bd6 17. Bb4 Bxg3 18. Bxf8 Bxf2+ 19. Rxf2 Nxe4 20. Bb4 Nxf2 21. Kxf2 Nf6 22. Nd2 Qf4+ 23. Nf3 Ne4+ 24. Ke1 Rd8 25. Rd1 Rxd1+ 26. Qxd1 Qg3+ 0-1

[Event "COL-ch U12 Girls"]
[Site "Cali"]
[Date "2019.06.20"]
[Round "3.2"]
[White "Valencia Lopez, Greissy Sofia"]
[Black "Brito Carrascal, Isabela"]
[Result "0-1"]
[WhiteElo "1257"]
[BlackElo "1411"]
[PlyCount "57"]
[EventDate "2019.06.19"]
[EventType "tourn"]
[EventRounds "9"]
[EventCountry "COL"]
[SourceTitle "CBM 191 Extra"]
[Source "ChessBase"]
[SourceDate "2019.09.30"]
[SourceVersion "1"]
[SourceVersionDate "2019.09.30"]
[SourceQuality "1"]

1. e4 c5 2. Nf3 e6 3. d4 cxd4 4. Nxd4 a6 5. Nc3 Qc7 6. Bg5 Be7 7. Qd2 Nf6 8. 0-0-0 b5 9. f4 b4 10. Nce2 Nxe4 11. Qe3 Nxg5 12. fxg5 0-0 13. h4 Nc6 14. h5 Qe5 15. Qxe5 Nxe5 16. g6 fxg6 17. hxg6 Nxg6 18. g4 Bb7 19. Rg1 Bg5+ 20. Kb1 Rab8 21. Ng3 Be3 22. Nde2 Bxg1 23. Nxg1 d5 24. Nh3 Nf4 25. Ng5 Rbe8 26. Re1 h6 27. Nf3 Ng6 28. Nd4 Nf4 29. b3 0-1

[Event "COL-chT Interligas (Women)"]
[Site "Palmira"]
[Date "2019.04.29"]
[Round "6.3"]
[White "Pantoja Pantoja, Danna Nicole"]
[Black "Valencia Lopez, Greissy Sofia"]
[Result "0-1"]
[WhiteElo "1433"]
[BlackElo "1189"]
[PlyCount "62"]
[EventDate "2019.04.27"]
[EventType "team-swiss"]
[EventRounds "6"]
[EventCountry "COL"]
[SourceTitle "CBM 190 Extra"]
[Source "ChessBase"]
[SourceDate "2019.07.15"]
[SourceVersion "1"]
[SourceVersionDate "2019.07.15"]
[SourceQuality "1"]
[WhiteTeam "Narino (W)"]
[BlackTeam "Caqueta (W)"]
[WhiteTeamCountry "COL"]
[BlackTeamCountry "COL"]

1. e4 c5 2. Nf3 d6 3. d3 Nf6 4. Be2 e6 5. Nc3 Be7 6. 0-0 0-0 7. Re1 Nbd7 8. Be3 Qc7 9. d4 cxd4 10. Bxd4 b6 11. Nb5 Qd8 12. e5 dxe5 13. Nxe5 a6 14. Bf3 Rb8 15. Nc6 Qe8 16. Nc7 Qd8 17. Nxd8 Bxd8 18. Na8 Bb7 19. Bxb7 Rxb7 20. Bxf6 Bxf6 21. Qf3 Ra7 22. Rad1 Ne5 23. Qe3 Raxa8 24. Qxb6 Nc4 25. Qc6 Rfc8 26. Qe4 Nxb2 27. Rd2 Bc3 28. Ree2 Bxd2 29. Rxd2 Nc4 30. Rd4 Na3 31. c3 Nb5 0-1

[Event "COL-chT Interligas (Women)"]
[Site "Palmira"]
[Date "2019.04.28"]
[Round "4.3"]
[White "Guerra Verano, Diana"]
[Black "Valencia Lopez, Greissy Sofia"]
[Result "1-0"]
[WhiteElo "1592"]
[BlackElo "1189"]
[PlyCount "68"]
[EventDate "2019.04.27"]
[EventType "team-swiss"]
[EventRounds "6"]
[EventCountry "COL"]
[SourceTitle "CBM 190 Extra"]
[Source "ChessBase"]
[SourceDate "2019.07.15"]
[SourceVersion "1"]
[SourceVersionDate "2019.07.15"]
[SourceQuality "1"]
[WhiteTeam "Santander (W)"]
[BlackTeam "Caqueta (W)"]
[WhiteTeamCountry "COL"]
[BlackTeamCountry "COL"]

1. e4 c5 2. c3 d6 3. d4 cxd4 4. cxd4 Nf6 5. Nc3 a6 6. Nf3 e6 7. Be2 Be7 8. 0-0 0-0 9. Bg5 h6 10. Be3 Nbd7 11. Rc1 b5 12. e5 dxe5 13. dxe5 Nh7 14. Qc2 Bb7 15. Rfd1 Kh8 16. h3 Rc8 17. Qd3 Bxf3 18. Qxd7 Bxe2 19. Nxe2 Rxc1 20. Nxc1 Qxd7 21. Rxd7 Bd8 22. Bc5 Re8 23. Rxf7 Kg8 24. Ra7 a5 25. Nb3 Ng5 26. Nxa5 Ne4 27. Be3 Kh7 28. Ra8 Rg8 29. Nc6 Bg5 30. Rxg8 Kxg8 31. f4 Bh4 32. Nd4 Kf7 33. Nxb5 Be7 34. a4 Ke8 1-0